Nomina un Calciatore Valido - Statistics

Statistiche generali
  • Questo quiz è stato fatto 172 volte
  • Il punteggio medio è 10 su 15
Statistiche sulle risposte
Indica un calciatore che... Giocaotre % Corretto
...ha segnato più di 100 gol per la propria nazionale Cristiano Ronaldo | Lionel Messi | Ali Daei
97%
...ha giocato per Juventus, Inter e Milan nel XXI secolo Leonardo Bonucci | Andrea Pirlo | Zlatan Ibrahimović
97%
...ha vinto almeno 10 titoli della Bundesliga Thomas Müller | Manuel Neuer | Robert Lewandowski | David Alaba
86%
...ha segnato almeno 14 gol alla Coppa del Mondo FIFA Miroslav Klose | Ronaldo | Gerd Müller
84%
...ha segnato più di 80 gol in un anno solare Lionel MessI | Gerd Müller
79%
...ha vinto almeno 6 UEFA Champions League Francisco Gento | Toni Kroos | Daniel Carvajal | Luka Modrić | Nacho
76%
...ha vinto un Pallone d'Oro tra il 2000 e il 2007 Luís Figo | Michael Owen | Ronaldo | Pavel Nedvěd | Andrij Shevchenko | Ronaldinho | Fabio Cannavaro | Kakà
76%
...ha segnato nella finale della Coppa del Mondo FIFA 2018 Mario Mandžukić | Antoine Griezmann | Paul Pogba | Kylian Mbappé | Ivan Perišić
76%
...ha segnato nell'ultima finale di UEFA Champions League Achraf Hakimi | Désiré Doué | Khvicha K'varatskhelia | Senny Mayulu
75%
...ha giocato almeno 40 partite con il Leicester City nella stagione 2015/16 Marc Albrighton | Kasper Schmeichel | N'Golo Kanté
63%
...ha giocato almeno 1.200 partite Peter Shilton | Fábio | Cristiano Ronaldo | Paul Bastock | Rogério Ceni
61%
...ha vinto almeno 8 titoli della Ligue 1 Presnel Kimpembe | Marco Verratti | Marquinhos
61%
...ha segnato più di 70 gol su calcio di punizione Pelé | Juninho Pernambucano
47%
...ha vinto il Trofeo Pichichi dal 2021 Karim Benzema | Robert Lewandowski | Artem Dovbyk | Kylian Mbappé
37%
...ha vinto almeno 5 FA Cup Ashley Cole | Petr Čech | John Terry | Patrick Vieira
26%
Nessun quiz corrispondente trovato
Distribuzione punteggi
Percentuale di utenti per punteggio
Percentile per numero di risposta
I tuoi punteggi nel tempo
Non hai fatto questo quiz